000 00782nam a2200205 i 4500
001 76776
003 ES-MaACL
005 20251005063054.0
007 t|
008 041005s1903 sp |||| | spa d
100 1 _aGuichot y Sierra, Alejandro,
_d1859-1941
_960652
245 1 0 _aPlan integral de la enseñanza del dibujo con aplicación a todos los grados de la instrucción nacional /
_cpor Alejandro Guichot y Sierra.
260 _aSevilla :
_b[s.n.],
_c1903 (
_fImp. de "El mercantil sevillano")
300 _a38 p. ;
_c25 cm.
500 _aEn port.: Estudio premiado en el Certamen del Ateneo de Sevilla en mayo de 1903.
650 0 4 _aDibujo-
_xEnseñanza
_911861
710 2 _aAteneo de Sevilla.
_92028
852 _aES-MaACL
_jT-1069-F-5
999 _c76776
_d76776